| 000 | 00000nam##2200000za#4500 |
| 001 | 9.695229 |
| 003 | CaOODSP |
| 005 | 20210624234500 |
| 007 | cr ||||||||||| |
| 008 | 150407|1999||||xxc|||||o f|0| 0 eng|d |
| 040 | |aCaOODSP|beng |
| 043 | |an-cn--- |
| 086 | 1 |aC2-419/1999E-PDF |
| 110 | 1 |aCanada. |bIndustry Canada. |
| 245 | 10|aYour Internet business : |h[electronic resource]|bearning consumer trust - a guide to consumer protection for on-line merchants |
| 246 | 3 |aYour Internet busine$$ |
| 260 | |aOttawa - Ontario : |bIndustry Canada |cc1999. |
| 300 | |a19p.|bcoloured figs., illus. |
| 500 | |aThe catalogue number (C2-419/1999) and ISBN (0-662-64129-9) for the bilingual print edition have been incorrectly copied in this electronic publication. |
| 590 | |a11-28-Supp|b2011-11-17 |
| 690 | 07|aBusinesses|2gcpds |
| 690 | 07|aConsumer protection|2gcpds |
| 690 | 07|aInformation technology|2gcpds |
| 775 | 08|tVotre commerce dans Internet : |w(CaOODSP)9.639375 |
| 776 | 0#|tYour Internet business : |w(CaOODSP)9.660867 |
| 776 | 0#|tVotre commerce dans Internet : |w(CaOODSP)9.660868 |
| 856 | 40|ahttp://publications.gc.ca|qPDF|s810 KB|uhttps://publications.gc.ca/collections/Collection/C2-419-1999E.pdf |
| 986 | |a52647B |